000 00348nam a2200133Ia 4500
008 240624s9999 xx 000 0 und d
041 _aeng
082 _a823 LAL
100 _aLAL VINAY
245 _aDEEWAAR THE FOOTPATH THE CITY AND THE AN
260 _c2011
_aNew Delhi
_bHarperCollins
300 _avii, : 190 : p. : cm. ; 18
365 _cRS
_b25
999 _c18473
_d18473